00446nam a2200145 a 450000100100000000500170001000800410002704000250006811000270009324000180012024500430013826000730018130000200025450000260027400003947120201002031652.0130701s1998 dr 000 0 spa d aDO-SdBNPbspacBNPHU2 aRepública Dominicana 0a[Leyes, etc.]10aNo. 327-98 ley de la carrera judicial. aSanto Domingo, República Dominicana :b[Congreso Nacional],c1998. a27 p. ;c21 cm. aInventariado, 2019/VM